Diesel 6002 /

Guardado en:
Autor Principal: Díaz, Marcelo
Formato: Libro
Publicado: Bahía Blanca : Vox, 2001
Materias:
Etiquetas: Agregar Etiqueta
Sin Etiquetas, Sea el primero en etiquetar este registro!
LEADER 00514nam a22001815a 4500
001 CEM.cems010867
005 20130806151917.0
008 130507s2001##################000#0#####d
003 CEMS
082 0 4 |a SG 
100 1 |a Díaz, Marcelo 
245 1 0 |a Diesel 6002 /  |c Marcelo Díaz 
260 |a Bahía Blanca :  |b Vox,  |c 2001 
300 |a 49 p. 
653 |a Bahia blanca-literatura 
653 |a Literatura 
653 |a Poesias argentinas siglo 21 
859 |a CEMS  |b BIB. CEMS - 11 de abril  |h SG  |i A861.4  |p 21511.01  |t Ej.1  |v D543-1  |3 D543-1